Contribución al conocimiento fisiográfico de las Sierras Australes de la provincia de Buenos Aires y su influencia sobre los poblamientos /
"Nuestro propósito ha sido el de poder evidenciar mediante nuestras observaciones, los rasgos fisiográficos del sistema serrano, correspondiente a las Sierras Australes de la provincia de Buenos Aires y su influencia sobre los poblamientos, tratando en los posible de que este estudio resulte ac...
Guardado en:
| Autores Principales: | , |
|---|---|
| Formato: | Libro |
| Idioma: | Spanish |
| Publicado: |
1971.
|
| Etiquetas: |
Agregar Etiqueta
Sin Etiquetas, Sea el primero en etiquetar este registro!
|
| LEADER | 01461nam a22001935a 4500 | ||
|---|---|---|---|
| 001 | EUN.um020713 | ||
| 008 | 041125s1971####ag#a#####b####000#0#spa#d | ||
| 005 | 20231023135625.0 | ||
| 245 | 1 | 0 | |a Contribución al conocimiento fisiográfico de las Sierras Australes de la provincia de Buenos Aires y su influencia sobre los poblamientos / |c Olga M. Del Pozo y Alicia S. Zinger. |
| 260 | |c 1971. | ||
| 300 | |a 74 h. : |b il., fot. col., mapas ; |c 27 cm. | ||
| 504 | |a Bibliografía: h.65-66. | ||
| 520 | |a "Nuestro propósito ha sido el de poder evidenciar mediante nuestras observaciones, los rasgos fisiográficos del sistema serrano, correspondiente a las Sierras Australes de la provincia de Buenos Aires y su influencia sobre los poblamientos, tratando en los posible de que este estudio resulte accesible en su lectura a todas aquellas personas a quienes les interesen los motivos que les presenta la naturaleza, ya sean especialistas en la temática o aún legos."--h. 1 | ||
| 505 | 0 | |a Primera pte. Introducción -- Seg. pte. Rasgos Geográficos -- Tercera pte. Aspecto Físico -- Cuarta pte. Aspectos histórico-humanos -- Quinta pte. Aspectos económicos -- Conclusiones. Agradecimientos. Bibliografía. Fotografías y mapas. | |
| 590 | |a El sobre en h. 74 que indica "Mapas" se halla vacío (oct. 2023) | ||
| 100 | 1 | |a Del Pozo, Olga M. |4 aut | |
| 700 | 1 | |a Zinger, Alicia Susana, |d 1947- |4 aut | |
| 082 | 0 | 4 | |a 551.4 |
| 859 | |a Ar-BaUNS |b BIB. CENTRAL - Sector C |h 551.4 |i D879 |p 66619/973 | ||
